Nächstgrößere Stadt des Landes - Europa - Statistiken

Allgemein
  • Dieses Quiz wurde 96 mal gespielt
  • Das Durchschnittsergebnis liegt bei 12 aus 30
Antwortstatistiken
Land Stadt Nächstgrößte Stadt Einwohner % Korrekt
P Lissabon Porto 231.962
94%
E Valencia Sevilla 684.234
75%
I Neapel Turin 848.196
73%
D Stuttgart Düsseldorf 620.523
69%
PL Posen Danzig 470.805
58%
CZ Ostrau Pilsen 175.219
57%
A Graz Linz 206.537
56%
HR Zagreb Split 161.312
56%
D Bremen Dresden 556.227
54%
IRL Dublin Cork 125.622
47%
NL Den Haag Utrecht 359.370
47%
F Lyon Toulouse 493.465
46%
B Antwerpen Gent 263.703
42%
N Bergen Trondheim 207.595
42%
UA Charkiw Odessa 1.015.826
41%
SRB Novi Sad Niš 183.164
38%
H Budapest Debrecen 201.432
36%
RUS St. Petersburg Kasan 1.257.341
35%
DK Aarhus Odense 180.760
35%
CH Winterthur Luzern 82.620
32%
GB Manchester Sheffield 557.039
32%
I Genua Bologna 394.463
30%
F Nizza Nantes 318.808
30%
S Malmö Uppsala 233.839
25%
FIN Vantaa Oulu 207.327
17%
BG Warna Burgas 198.593
16%
LV Riga Daugavpils 81.074
16%
GR Thessaloniki Patras 213.984
15%
BY Gomel Wizebsk 362.949
6%
SK Kaschau Prešov 87.886
4%
Keine übereinstimmenden Quizze gefunden
Verteilung der Resultate
Anzahl Personen mit jedem Resultat
Perzentil nach korrekt beantworteten Fragen
Ihre Resultats-Entwicklung
Sie haben dieses Quiz noch nicht gespielt